Introduction to statistical methods / (Record no. 6720)

MARC details
000 -LEADER
fixed length control field 00732nam a2200157 4500
020 ## - INTERNATIONAL STANDARD BOOK NUMBER
ISBN 9988770448
050 ## - CALL NUMBER
Classification number QA276
Item number .G65
100 ## - AUTHOR
Personal name Gordor, Benony K.
245 ## - TITLE
Title Introduction to statistical methods /
Statement of responsibility, etc Benony K. Gordor & Nathaniel K. Howard
260 ## - PUBLICATION INFORMATION
Place of publication Cape Coast
Name of publisher Ghana Mathematics Group
Year of publication 2006
300 ## - DESCRIPTION
Number of Pages iv, 252p. :
Dimensions 26cm
505 ## - FORMATTED CONTENTS NOTE
Table of Content Chapter 1. Preview of Statistics<br/>Chapter 2. Data <br/>Chapter 3. Describing Data<br/>Chapter 4. Probability <br/>Chapter 5. Probability Distributions <br/>Chapter 6. Estimation of Parameters <br/>Chapter 7. Hypothesis Testing <br/>Chapter 8. Correlation and Regression<br/>Chapter 9. Analysis of Variance <br/><br/>
650 ## - SUBJECTS
Topical Term Statistical methods
700 ## - OTHER AUTHORS
Personal name Howard K. Nathaniel
942 ## - ADDED ENTRY ELEMENTS (KOHA)
Koha item type Books
Holdings
Withdrawn status Lost status Collection code Home library Current library Shelving location Date acquired Full call number Accession Number Koha item type
    Reference Methodist University Library Main Methodist University Library Main General Stacks 13/08/2007 QA276 .G65 28686 Books
    Reference Methodist University Library Main Methodist University Library Main General Stacks 13/08/2007 QA276 .G65 28692 Books
    Reference Methodist University Library Main Methodist University Library Main General Stacks 13/08/2007 QA276 .G65 28688 Books
    Reference Methodist University Library Main Methodist University Library Main General Stacks 13/08/2007 QA276 .G65 28689 Books
Copyright © 2026  MUG Library